000 01493cam a22003251i 4500
003 SA-RiAUC
005 20241214094133.0
008 241214s2014 su f 00010 ara c
020 _a9789660018768
040 _aSA-MaUQU
_bara
_cSA-RiAUC
_erda
082 0 4 _a253.9
_qSA-RiAUC
090 _a253.9
_bش ر ي
100 1 _aالشريف، يوسف بن هزاع بن مساعد
_eمؤلف.
245 1 2 _aالفروق الفقهية بين المسائل الفرعية في الوقف والهبة واللقطة واللقيط :
_bدراسة مقارنة /
_cتأليف يوسف بن هزاع بن مساعد الشريف.
250 _aالطبعة الأولى.
264 1 _aالرياض :
_bمكتبة الرشد ناشرون،
_c2014
300 _a710 صفحة ؛
_c24 سم.
336 _aنص
_btxt
_2rdacontent
_3كتاب
337 _aبدون وسيط
_bn
_2rdamedia
338 _aمجلد
_bnc
_2rdacarrier
490 1 _aالرشد للرسائل الجامعية ؛
_v250
500 _aالأصل أطروحة دكتوراه من الجامعة الإسلامية بالمدينة المنورة، 1433 هـ.
650 7 _aالفروق الفقهية
_2aucsh
650 7 _aالوقف (فقه إسلامي)
_2aucsh
650 7 _aالهبة (فقه إسلامي)
_2aucsh
650 7 _aاللقطاء (فقه إسلامي)
_2aucsh
830 2 _aسلسلة الرشد للرسائل الجامعية
_v250
942 _2ddc
_cBOOK
_n0
949 _aSA-JeALM
_d241214
_umohamedma123
_n1
999 _c3497
_d3497